¿Qué es un transgénico? : (y las madres que lo parieron--) /

Detalles Bibliográficos
Autor principal: López Guerrero, José Antonio
Formato: Electrónico eBook
Lenguaje:español
Publicado: Madrid : Equipo Sirius, 2008.
Edición:2a. ed. rev.
Materias:
Acceso en línea:Digitalia Hispánica

MARC

LEADER 00000nam a2200000Ii 4500
001 DIGEQSIR0003
003 NyNyDIG
006 m o d
007 cr |||||||||||
008 131101s2008 sp ob 000 0 spa d
020 |a 9788492509812  |q (eBook) 
020 |a 9788415119081  |q (eBook) 
020 |z 8492509023 
020 |z 9788492509027 
035 |a (OCoLC)888266005 
040 |a DGITA  |b eng  |e pn  |c DGITA 
050 1 4 |a QH442.6 eBook  
100 1 |a López Guerrero, José Antonio.  
245 1 0 |a ¿Qué es un transgénico? :  |b (y las madres que lo parieron--) /  |c José Antonio López Guerrero. 
250 |a 2a. ed. rev. 
264 1 |a Madrid :  |b Equipo Sirius,  |c 2008. 
300 |a 1 online resource (191 pages) :  |b ill. 
336 |a text  |b txt  |2 rdacontent 
337 |a computer  |b c  |2 rdamedia 
338 |a online resource  |b cr  |2 rdacarrier 
504 |a Includes bibliographical references (p. 184-185).  
650 0 |a Transgenic organisms.  
650 0 |a Genetic engineering.  
655 0 |a Electronic books. 
791 2 |a Digitalia (Firm),  |e distributor. 
793 0 |g Digitalia eBook Collection:  |a Equipo Sirius. 
856 4 0 |3 Digitalia Hispánica  |u https://www.digitaliapublishing.com/a/12749/ 
910 |a Premium Collection: 2007-2012